LEADER 00791nam0 2200253 450 001 000013456 005 20181116141423.0 100 $a20080624d1963----km-y0itay50------ba 101 0 $aita 102 $aIT 105 $ay-------001yy 200 1 $a<>diritto alla riservatezza$fAlfonso Palladino, Angelo De Mattia, Guido Galli 210 $aMilano$cA. Giuffrè$d1963 215 $a191 p.$d25 cm 610 1 $aDiritto alla riservatezza 676 $a347.1$v16$9Diritto della persona 700 1$aPalladino,$bAlfonso$0225538 701 1$aDe Mattia,$bAngelo$0227782 701 1$aGalli,$bGuido$0224895 801 0$aIT$bUNIPARTHENOPE$c20080624$gRICA$2UNIMARC 912 $a000013456 951 $a340.12/101$b16237$cNAVA4 996 $aDiritto alla riservatezza$9619681 997 $aUNIPARTHENOPE